• 首页
  • 本馆介绍
  • 公告通知
  • 最新文献
  • 馆藏检索
  • 电子资源
  • 读者导购
  • 参考咨询
  • 我的图书馆
  • 登录
  • 详细信息显示
  • 放入我的书架
  • 预约/预借图书
  • 作者相关作品
  • 分类相关作品
  • 丛书相关作品
  • 出版社相关作品

书目信息

  • 表格格式
  • 工作单格式
  • 卡片格式
题名:
现代康复医学诊疗手册
    
 
作者: 殷秀珍 黄永禧
分册:  
出版信息:   北京医科大中国协和医科大联合出版社  1995. 8
页数: 317页
开本: 36开
丛书名:
单 册:
中图分类: R49-62
科图分类:
主题词: 康复医学
电子资源:
ISBN: 7-81034-484-6
000 00575nam0 2200181 45
001 9911301546
005 19991130153259.4
010    @a7-81034-484-6@d15.00
100    @a19991130d1995 km y0chiy0120 ea
101    @achi
105    @a z 000yy
200 1  @a现代康复医学诊疗手册@AXian Dai Kang Fu Yi Xue Zhen Liao Shou Ce@f殷秀珍 黄永禧@FYin Xiu Zhen Huang Yong Xi
210    @c北京医科大中国协和医科大联合出版社@d1995. 8
215    @a317页@c无图表@d36开
606 0  @a康复医学
690    @aR49-62@v3
801    @aCN@bPerfectUser@c19991130
905    @aBZT@b48385-387@f3@dR49-62@e1
    
    现代康复医学诊疗手册/殷秀珍 黄永禧.-北京医科大中国协和医科大联合出版社,1995. 8
    317页:无图表;36开
    
    
    ISBN 7-81034-484-6:15.00
    
●
相关链接 在五车中查询图书 在当当中查询图书 在豆瓣中查询图书


正题名:现代康复医学诊疗手册     索取号:R49-62/1         预约/预借

序号 登录号 条形码 馆藏地/架位号 状态 备注
1 48385   200177888   中心书库中库/ 中库008架B面6列5层44/ [索取号:R49-62/1] 在馆    
2 48386   200177897   中心书库中库/ 中库008架B面6列5层49/ [索取号:R49-62/1] 在馆    
3 48387   200177904   中心书库中库/ 中库008架B面6列5层48/ [索取号:R49-62/1] 在馆    
山东省滨州职业学院图书馆 欢迎您!
大连网信软件有限公司© 版权所有